|
|
|
|
| LEADER |
01911nam a2200433 i 4500 |
| 001 |
EBC5056876 |
| 003 |
MiAaPQ |
| 005 |
20200520144314.0 |
| 006 |
m o d | |
| 007 |
cr cnu|||||||| |
| 008 |
171020t20182018nju o 001 0 eng d |
| 020 |
|
|
|z 9781119390466
|
| 020 |
|
|
|a 9781119390480
|q (electronic bk.)
|
| 020 |
|
|
|a 9781119404385
|q (electronic bk.)
|
| 035 |
|
|
|a (MiAaPQ)EBC5056876
|
| 035 |
|
|
|a (Au-PeEL)EBL5056876
|
| 035 |
|
|
|a (CaPaEBR)ebr11445692
|
| 035 |
|
|
|a (OCoLC)1005004760
|
| 040 |
|
|
|a MiAaPQ
|b eng
|e rda
|e pn
|c MiAaPQ
|d MiAaPQ
|
| 050 |
|
4 |
|a HD66
|b .S745 2018
|
| 082 |
0 |
|
|a 658.4022
|2 23
|
| 100 |
1 |
|
|a Steinhorst, Curt,
|d 1983-
|e author.
|
| 245 |
1 |
0 |
|a Can I have your attention? :
|b inspiring better work habits, focusing your team, and getting stuff done in the constantly connected workplace /
|c Curt Steinhorst with Jonathan McKee.
|
| 264 |
|
1 |
|a Hoboken, New Jersey :
|b Wiley,
|c 2018.
|
| 264 |
|
4 |
|c 2018
|
| 300 |
|
|
|a 1 online resource (239 pages)
|
| 336 |
|
|
|a text
|2 rdacontent
|
| 337 |
|
|
|a computer
|2 rdamedia
|
| 338 |
|
|
|a online resource
|2 rdacarrier
|
| 500 |
|
|
|a Includes index.
|
| 588 |
|
|
|a Description based on print version record.
|
| 590 |
|
|
|a Electronic reproduction. Ann Arbor, MI : ProQuest, 2016. Available via World Wide Web. Access may be limited to ProQuest affiliated libraries.
|
| 650 |
|
0 |
|a Teams in the workplace.
|
| 650 |
|
0 |
|a Leadership.
|
| 655 |
|
4 |
|a Electronic books.
|
| 700 |
1 |
|
|a McKee, Jonathan R.
|q (Jonathan Ray),
|d 1970-
|e author.
|
| 776 |
0 |
8 |
|i Print version:
|a Steinhorst, Curt, 1983-
|t Can I have your attention? : inspiring better work habits, focusing your team, and getting stuff done in the constantly connected workplace.
|d Hoboken, New Jersey : Wiley, c2018
|h xviii, 238 pages
|z 9781119390466
|w 2017031823
|
| 797 |
2 |
|
|a ProQuest (Firm)
|
| 856 |
4 |
0 |
|u https://ebookcentral.proquest.com/lib/matrademy/detail.action?docID=5056876
|z Click to View
|